| 000 -LEADER |
| fixed length control field |
02098cam a2200541 i 4500 |
| 001 - CONTROL NUMBER |
| control field |
11686694 |
| 003 - CONTROL NUMBER IDENTIFIER |
| control field |
OSt |
| 005 - DATE AND TIME OF LATEST TRANSACTION |
| control field |
20220421125019.0 |
| 008 - FIXED-LENGTH DATA ELEMENTS--GENERAL INFORMATION |
| fixed length control field |
150520t20152015dcub b 001 0deng |
| 010 ## - LIBRARY OF CONGRESS CONTROL NUMBER |
| LC control number |
2015019160 |
| 020 ## - INTERNATIONAL STANDARD BOOK NUMBER |
| International Standard Book Number |
9780815726999 |
| Qualifying information |
(hardcover : alk. paper) |
| 020 ## - INTERNATIONAL STANDARD BOOK NUMBER |
| International Standard Book Number |
0815726996 |
| Qualifying information |
(hardcover : alk. paper) |
| 020 ## - INTERNATIONAL STANDARD BOOK NUMBER |
| Canceled/invalid ISBN |
9780815727002 |
| Qualifying information |
(epub) |
| 020 ## - INTERNATIONAL STANDARD BOOK NUMBER |
| Canceled/invalid ISBN |
9780815727019 |
| Qualifying information |
(pdf) |
| 024 ## - OTHER STANDARD IDENTIFIER |
| Standard number or code |
99965509680 |
| 035 ## - SYSTEM CONTROL NUMBER |
| System control number |
(OCoLC)ocn908374996 |
| 035 ## - SYSTEM CONTROL NUMBER |
| System control number |
(OCoLC)908374996 |
| Canceled/invalid control number |
(OCoLC)927291118 |
| 035 ## - SYSTEM CONTROL NUMBER |
| System control number |
(NNC)11686694 |
| 038 ## - RECORD CONTENT LICENSOR |
| Staff Name |
Muhammad Ibrahim |
| 040 ## - CATALOGING SOURCE |
| Original cataloging agency |
DLC |
| Language of cataloging |
eng |
| Description conventions |
rda |
| Transcribing agency |
DLC |
| Modifying agency |
YDX |
| -- |
BTCTA |
| -- |
YDXCP |
| -- |
BDX |
| -- |
OCLCF |
| -- |
GZT |
| -- |
DBI |
| -- |
CDX |
| -- |
DGU |
| 042 ## - AUTHENTICATION CODE |
| Authentication code |
pcc |
| 043 ## - GEOGRAPHIC AREA CODE |
| Geographic area code |
n-us--- |
| -- |
a-ii--- |
| 050 00 - LIBRARY OF CONGRESS CALL NUMBER |
| Classification number |
E183.8.I4 |
| Item number |
R54 2015 |
| 082 00 - DEWEY DECIMAL CLASSIFICATION NUMBER |
| Classification number |
327.73054 |
| Edition number |
23 |
| Author Mark |
RIE 2016 |
| 100 1# - MAIN ENTRY--PERSONAL NAME |
| Personal name |
Riedel, Bruce O., |
| Relator term |
author. |
| 9 (RLIN) |
51782 |
| 245 10 - TITLE STATEMENT |
| Title |
JFK's forgotten crisis : |
| Remainder of title |
Tibet, the CIA, and Sino-Indian War / |
| Statement of responsibility, etc. |
Bruce Riedel. |
| 246 3# - VARYING FORM OF TITLE |
| Title proper/short title |
John Fitzgerald Kennedy's forgotten crisis |
| 250 ## - EDITION STATEMENT |
| Edition statement |
1st edition. |
| 260 ## - PUBLICATION, DISTRIBUTION, ETC. |
| Place of publication, distribution, etc. |
India |
| Name of publisher, distributor, etc. |
Harper Collins |
| Date of publication, distribution, etc. |
2016 |
| 300 ## - PHYSICAL DESCRIPTION |
| Extent |
xiv, 231 pages : |
| Other physical details |
map ; |
| Dimensions |
24 cm |
| 504 ## - BIBLIOGRAPHY, ETC. NOTE |
| Bibliography, etc. note |
Includes bibliographical references (pages 209-215) and index |
| 505 0# - FORMATTED CONTENTS NOTE |
| Formatted contents note |
Prologue: At Mount Vernon -- Introduction -- Ike and India, 1950-60 -- Galbraith and India, 1961 -- Jackie and India, 1962 -- Jack, India, and war -- From JFK to today -- Chronology. |
| 563 ## - BINDING INFORMATION |
| Binding note |
P.B |
| 600 10 - SUBJECT ADDED ENTRY--PERSONAL NAME |
| Personal name |
Kennedy, John F. |
| Fuller form of name |
(John Fitzgerald), |
| Dates associated with a name |
1917-1963. |
| 9 (RLIN) |
91148 |
| 600 17 - SUBJECT ADDED ENTRY--PERSONAL NAME |
| Personal name |
Kennedy, John F. |
| Fuller form of name |
(John Fitzgerald), |
| Dates associated with a name |
1917-1963. |
| Source of heading or term |
fast |
| 9 (RLIN) |
91148 |
| 611 27 - SUBJECT ADDED ENTRY--MEETING NAME |
| Meeting name or jurisdiction name as entry element |
Sino-Indian Border Dispute (1957-) |
| Source of heading or term |
fast |
| 9 (RLIN) |
91149 |
| 648 #7 - SUBJECT ADDED ENTRY--CHRONOLOGICAL TERM |
| Chronological term |
1961 - 1963 |
| Source of heading or term |
fast |
| 9 (RLIN) |
91150 |
| 650 #0 - SUBJECT ADDED ENTRY--TOPICAL TERM |
| Topical term or geographic name entry element |
Sino-Indian Border Dispute, 1957- |
| 9 (RLIN) |
51783 |
| 650 #7 - SUBJECT ADDED ENTRY--TOPICAL TERM |
| Topical term or geographic name entry element |
Diplomatic relations. |
| Source of heading or term |
fast |
| 9 (RLIN) |
6585 |
| 651 #0 - SUBJECT ADDED ENTRY--GEOGRAPHIC NAME |
| Geographic name |
United States |
| General subdivision |
Foreign relations |
| Geographic subdivision |
India. |
| 651 #0 - SUBJECT ADDED ENTRY--GEOGRAPHIC NAME |
| Geographic name |
India |
| General subdivision |
Foreign relations |
| Geographic subdivision |
United States. |
| 651 #0 - SUBJECT ADDED ENTRY--GEOGRAPHIC NAME |
| Geographic name |
United States |
| General subdivision |
Foreign relations |
| Chronological subdivision |
1961-1963. |
| 9 (RLIN) |
91151 |
| 651 #7 - SUBJECT ADDED ENTRY--GEOGRAPHIC NAME |
| Geographic name |
India. |
| Source of heading or term |
fast |
| 651 #7 - SUBJECT ADDED ENTRY--GEOGRAPHIC NAME |
| Geographic name |
United States. |
| Source of heading or term |
fast |
| 942 ## - ADDED ENTRY ELEMENTS (KOHA) |
| Source of classification or shelving scheme |
|
| Koha item type |
Book |
| 948 1# - LOCAL PROCESSING INFORMATION (OCLC); SERIES PART DESIGNATOR (RLIN) |
| Series part designator, SPT (RLIN) |
20160126 |
| b (OCLC) |
c |
| c (OCLC) |
jeb52 |
| d (OCLC) |
MPS |